[Event "DEM U16 2019"]
[Site "Willingen GER"]
[Date "2019.06.10"]
[Round "3"]
[White "Suvorov, Alexander"]
[Black "Knüdel, Torben"]
[Result "1-0"]
[Termination "normal"]
[Board "2"]
[WhiteTitle "FM"]
[WhiteElo "2321"]
[BlackElo "2044"]
[WhiteClock "00:04:36"]
[BlackClock "00:08:17"]
[PlyCount "73"]
[WhiteFideId "12977063"]
[BlackFideId "16208820"]
[EventCountry "GER"]
[EventRounds "9"]
[EventType "swiss"]
[EventDate "2019.06.08"]

1. d4 Nf6 2. c4 d6 3. Nc3 Nbd7 4. e4 e5 5. Nf3 g6 6. Be2 Bg7 7. O-O O-O 8. Be3
Re8 9. d5 Nh5 10. g3 Bf8 11. Ne1 Ng7 12. Nd3 f5 13. f3 Be7 14. Qd2 a5 15. Rac1
Rf8 16. b3 b6 17. b4 fxe4 18. fxe4 Nf6 19. bxa5 Bh3 20. Rf2 Rxa5 21. Nb4 Ra3
22. Nc6 Qe8 23. Bg5 Kh8 24. Nxe7 Qxe7 25. Qe3 Bd7 26. Rcf1 Nge8 27. Kg2 Qd8 28.
h3 Rf7 29. g4 c5 30. Rf3 Kg8 31. Qc1 Ra7 32. Qe1 h6 33. Bxh6 Qe7 34. g5 Bxh3+
35. Rxh3 Nh7 36. Rxf7 Qxf7 37. Bg4 1-0

[Event "DEM U16 2019"]
[Site "Willingen GER"]
[Date "2019.06.10"]
[Round "3"]
[White "Yi, Danny"]
[Black "Kölle, Tobias"]
[Result "1/2-1/2"]
[Termination "normal"]
[Board "4"]
[WhiteElo "2231"]
[BlackElo "2225"]
[WhiteClock "00:57:46"]
[BlackClock "00:37:56"]
[PlyCount "43"]
[WhiteFideId "12988588"]
[BlackFideId "16207378"]
[EventCountry "GER"]
[EventRounds "9"]
[EventType "swiss"]
[EventDate "2019.06.08"]

1. e4 e5 2. Nf3 Nc6 3. Bc4 Bc5 4. Nc3 Nf6 5. d3 d6 6. Bg5 h6 7. Bxf6 Qxf6 8.
Nd5 Qd8 9. c3 a6 10. d4 exd4 11. cxd4 Ba7 12. h3 O-O 13. O-O Ne7 14. Rc1 Nxd5
15. Bxd5 c6 16. Bb3 d5 17. exd5 cxd5 18. Qd3 g6 19. Rfe1 Bf5 20. Qd2 Kh7 21.
Qb4 Be4 22. Nd2 1/2-1/2

[Event "DEM U16 2019"]
[Site "Willingen GER"]
[Date "2019.06.10"]
[Round "3"]
[White "Gutkin, Ilya"]
[Black "Post, Hugo"]
[Result "1/2-1/2"]
[Termination "normal"]
[Board "5"]
[WhiteElo "2041"]
[BlackElo "2113"]
[WhiteClock "00:20:08"]
[BlackClock "00:20:27"]
[PlyCount "104"]
[WhiteFideId "16203470"]
[BlackFideId "12962490"]
[EventCountry "GER"]
[EventRounds "9"]
[EventType "swiss"]
[EventDate "2019.06.08"]

1. Nf3 Nf6 2. c4 e6 3. g3 d5 4. Bg2 dxc4 5. Qa4+ Bd7 6. Qxc4 c5 7. d3 Bc6 8.
O-O Be7 9. b3 O-O 10. Bb2 Nbd7 11. Nbd2 Rc8 12. Qc2 b5 13. Rac1 Qb6 14. e4 Rfd8
15. Rfd1 Qb7 16. Qb1 a5 17. Ne1 Ra8 18. Nc2 a4 19. Ne3 axb3 20. axb3 Rac8 21.
Nf3 h6 22. Bc3 Rb8 23. Ne1 Qa8 24. Qa1 Rb6 25. Qxa8 Rxa8 26. Ra1 Rba6 27. Rxa6
Rxa6 28. Ra1 Rxa1 29. Bxa1 Nb8 30. N1c2 Nfd7 31. f3 Bb7 32. Bf1 Nc6 33. Bc3 b4
34. Bb2 Na5 35. Na1 Bg5 36. f4 Bd8 37. Bg2 Bc7 38. Kf2 Bb6 39. Nc4 Nxc4 40.
dxc4 Nf6 41. Bxf6 gxf6 42. Nc2 Kg7 43. Ne1 Bd8 44. Nd3 Be7 45. f5 e5 46. Kf3
Kh7 47. Kg4 Ba8 48. Kh5 Bc6 49. Bf3 Bd6 50. Nf2 Bf8 51. Ng4 Bg7 52. Nf2 Bf8
1/2-1/2

[Event "DEM U16 2019"]
[Site "Willingen GER"]
[Date "2019.06.10"]
[Round "3"]
[White "Burian, Simon"]
[Black "Wachinger, Nikolas"]
[Result "0-1"]
[Termination "normal"]
[Board "6"]
[WhiteElo "2001"]
[BlackElo "2311"]
[WhiteClock "00:34:56"]
[BlackClock "00:05:40"]
[PlyCount "66"]
[WhiteFideId "12956902"]
[BlackFideId "12962791"]
[EventCountry "GER"]
[EventRounds "9"]
[EventType "swiss"]
[EventDate "2019.06.08"]

1. e4 c5 2. Nf3 d6 3. d4 Nf6 4. Nc3 cxd4 5. Nxd4 a6 6. Bg5 e6 7. f4 h6 8. Bh4
Qb6 9. a3 Be7 10. Bf2 Qc7 11. Qe2 Nbd7 12. O-O-O b5 13. g4 Bb7 14. g5 hxg5 15.
fxg5 Nh5 16. g6 Ne5 17. gxf7+ Kxf7 18. Be3 Nf6 19. h4 Nxe4 20. Nxe4 Bxe4 21.
Rg1 Bf6 22. Bf4 Bd5 23. Bg2 Bc4 24. Qe3 Rac8 25. c3 Rxh4 26. Qg3 Rg4 27. Bxe5
Rxg3 28. Bxg3 Qc5 29. Kb1 e5 30. b4 Qb6 31. Bh3 Rh8 32. Nf5 Bd3+ 33. Kb2 Rxh3
0-1

[Event "DEM U16 2019"]
[Site "Willingen GER"]
[Date "2019.06.10"]
[Round "3"]
[White "Nguyen, Alex Dac-Vuong"]
[Black "Richter, Nils"]
[Result "1/2-1/2"]
[Termination "normal"]
[Board "7"]
[WhiteElo "2287"]
[BlackElo "2121"]
[WhiteClock "00:08:09"]
[BlackClock "00:01:24"]
[PlyCount "60"]
[WhiteFideId "12984388"]
[BlackFideId "12990809"]
[EventCountry "GER"]
[EventRounds "9"]
[EventType "swiss"]
[EventDate "2019.06.08"]

1. e4 c5 2. Nf3 e6 3. d4 cxd4 4. Nxd4 Nc6 5. Nc3 Qc7 6. Be2 a6 7. f4 d6 8. Be3
Nf6 9. Qd2 Be7 10. O-O-O O-O 11. Nxc6 bxc6 12. g4 d5 13. exd5 Nxd5 14. Nxd5
cxd5 15. g5 a5 16. h4 Ba6 17. Bg4 a4 18. Rh3 a3 19. b3 Rfc8 20. Bd4 Bd6 21. Rf3
Rab8 22. h5 Rb4 23. c3 Rxd4 24. Qxd4 Be2 25. h6 e5 26. fxe5 Bxe5 27. Qxd5 Bxd1
28. Qxd1 Rd8 29. Rd3 Rxd3 30. Qxd3 Qxc3+ 1/2-1/2

[Event "DEM U16 2019"]
[Site "Willingen GER"]
[Date "2019.06.10"]
[Round "3"]
[White "Liebold, Aaron"]
[Black "Kopylov, Daniel"]
[Result "1/2-1/2"]
[Termination "normal"]
[Board "8"]
[WhiteElo "1870"]
[BlackElo "2263"]
[WhiteClock "00:00:52"]
[BlackClock "00:02:21"]
[PlyCount "109"]
[WhiteFideId "12997846"]
[BlackFideId "12921971"]
[EventCountry "GER"]
[EventRounds "9"]
[EventType "swiss"]
[EventDate "2019.06.08"]

1. e4 c5 2. Nf3 d6 3. d4 cxd4 4. Nxd4 Nf6 5. Nc3 Nc6 6. Bg5 e6 7. Qd2 Nxd4 8.
Qxd4 Be7 9. O-O-O O-O 10. f4 Qa5 11. Bc4 Bd7 12. e5 dxe5 13. Qxe5 Qb6 14. f5
Rad8 15. fxe6 Bxe6 16. Bxe6 Qxe6 17. Qxe6 fxe6 18. Rde1 Kf7 19. Rhf1 Rd4 20. h3
Bb4 21. Be3 Bxc3 22. bxc3 Ra4 23. Kb2 Rc8 24. Bd4 Ke7 25. Re5 h6 26. Rfe1 Rc6
27. Rb5 b6 28. g4 Ne8 29. Rh5 Kf7 30. Rf1+ Ke7 31. Kb3 Ra5 32. Rxa5 bxa5 33.
Re1 g6 34. Re5 a6 35. Rxa5 Nd6 36. Re5 Nc4 37. Rc5 Nd2+ 38. Ka4 Rxc5 39. Bxc5+
Kd7 40. Be3 Ne4 41. Bxh6 Nf2 42. Be3 Nxh3 43. Kb4 e5 44. Kc5 Nf4 45. c4 Kc7 46.
a4 a5 47. Kb5 Ng2 48. Bb6+ Kb8 49. c5 e4 50. Kc4 Ne3+ 51. Kd4 Nxg4 52. Kxe4
Nf6+ 53. Kf3 Nd7 54. Bxa5 Nxc5 55. Bb6 1/2-1/2

[Event "DEM U16 2019"]
[Site "Willingen GER"]
[Date "2019.06.10"]
[Round "3"]
[White "Stork, Oliver"]
[Black "Boder, Jan"]
[Result "1-0"]
[Termination "normal"]
[Board "9"]
[WhiteElo "2183"]
[BlackElo "2123"]
[WhiteClock "00:25:52"]
[BlackClock "00:36:43"]
[PlyCount "105"]
[WhiteFideId "12955728"]
[BlackFideId "16243226"]
[EventCountry "GER"]
[EventRounds "9"]
[EventType "swiss"]
[EventDate "2019.06.08"]

1. e4 c5 2. Nf3 Nc6 3. d4 cxd4 4. Nxd4 g6 5. c4 Bg7 6. Be3 Nf6 7. Nc3 Ng4 8.
Qxg4 Nxd4 9. Qd1 Ne6 10. Rc1 Qa5 11. Qd2 b6 12. Qd5 Qxd5 13. cxd5 Nc5 14. f3
Ba6 15. Bxa6 Nxa6 16. Ke2 d6 17. a3 Kd7 18. b4 Bxc3 19. Rxc3 Rac8 20. Kd3 Rxc3+
21. Kxc3 Rc8+ 22. Kd3 e6 23. dxe6+ Kxe6 24. h4 Nb8 25. g4 d5 26. f4 dxe4+ 27.
Kxe4 f5+ 28. gxf5+ gxf5+ 29. Kd3 Rg8 30. Rc1 Kd6 31. a4 Rg4 32. Rc8 Na6 33. b5
Nc5+ 34. Bxc5+ bxc5 35. Ra8 Rxf4 36. Rxa7 Rxh4 37. a5 c4+ 38. Kc3 Kc5 39. b6
Rh3+ 40. Kc2 Rh2+ 41. Kd1 Rh1+ 42. Ke2 Rh2+ 43. Kf3 Rh3+ 44. Kg2 Rb3 45. b7
Rb2+ 46. Kh3 c3 47. a6 c2 48. Ra8 Rb3+ 49. Kh4 Rb4+ 50. Kh5 Kd4 51. Rc8 Kd3 52.
a7 Rxb7 53. a8=Q 1-0

[Event "DEM U16 2019"]
[Site "Willingen GER"]
[Date "2019.06.10"]
[Round "3"]
[White "Rietschel, Tilo"]
[Black "Röhr, Tobias"]
[Result "1-0"]
[Termination "normal"]
[Board "10"]
[WhiteElo "2005"]
[BlackElo "2208"]
[WhiteClock "00:19:52"]
[BlackClock "00:27:33"]
[PlyCount "99"]
[WhiteFideId "16208390"]
[BlackFideId "12963089"]
[EventCountry "GER"]
[EventRounds "9"]
[EventType "swiss"]
[EventDate "2019.06.08"]

1. e4 c5 2. Nf3 e6 3. d4 cxd4 4. Nxd4 Nc6 5. Nxc6 bxc6 6. Bd3 Bc5 7. O-O e5 8.
Qe2 Ne7 9. b3 d6 10. Kh1 Ng6 11. Bd2 Qf6 12. b4 Bb6 13. a4 Nf4 14. Bxf4 exf4
15. Nd2 O-O 16. Rac1 Bd4 17. b5 cxb5 18. axb5 Re8 19. Bc4 Bb7 20. Qd3 Rac8 21.
c3 Be5 22. Ra1 f3 23. Rxa7 fxg2+ 24. Kxg2 Qg5+ 25. Kf3 Re7 26. b6 Bf4 27. Rxb7
Rxb7 28. Ba6 Bxd2 29. Ke2 Rxb6 30. Bxc8 Bc1 31. Kf3 h5 32. h4 Qf4+ 33. Kg2 d5
34. exd5 Ba3 35. Qe3 Rg6+ 36. Kh3 Qf6 37. c4 Bc5 38. Qe8+ Kh7 39. Qe4 Qc3+ 40.
f3 Qb2 41. f4 Bf2 42. Bf5 Kh6 43. Bxg6 fxg6 44. Qf3 Bc5 45. f5 gxf5 46. Qf4+
Kh7 47. Qxf5+ g6 48. Qf7+ Kh6 49. Qf4+ Kh7 50. Qc7+ 1-0

[Event "DEM U16 2019"]
[Site "Willingen GER"]
[Date "2019.06.10"]
[Round "3"]
[White "Köhler, Lukas"]
[Black "Fromm, Marius"]
[Result "0-1"]
[Termination "normal"]
[Board "11"]
[WhiteElo "2068"]
[BlackElo "2038"]
[WhiteClock "00:00:39"]
[BlackClock "00:25:44"]
[PlyCount "52"]
[WhiteFideId "16221990"]
[BlackFideId "12993190"]
[EventCountry "GER"]
[EventRounds "9"]
[EventType "swiss"]
[EventDate "2019.06.08"]

1. e4 e5 2. Nf3 Nc6 3. Bc4 Bc5 4. O-O Nf6 5. d4 Bxd4 6. Nxd4 Nxd4 7. f4 d6 8.
fxe5 dxe5 9. Bg5 Qe7 10. Na3 Bd7 11. c3 Ne6 12. Bxe6 Bxe6 13. Kh1 Qd7 14. Bxf6
gxf6 15. Qf3 O-O-O 16. Qxf6 Qd6 17. Qf2 Qb6 18. Qe2 Rd7 19. b4 Qc6 20. Qe3 b6
21. Nc2 Rhd8 22. Rfc1 Rd3 23. Nd4 Qc4 24. Qe2 exd4 25. cxd4 Qxd4 26. Qc2 Rd7
0-1

[Event "DEM U16 2019"]
[Site "Willingen GER"]
[Date "2019.06.10"]
[Round "3"]
[White "Biermann, Florian"]
[Black "Trifan, Andrei Ioan"]
[Result "1/2-1/2"]
[Termination "normal"]
[Board "12"]
[WhiteElo "2028"]
[BlackElo "2268"]
[WhiteClock "00:26:54"]
[BlackClock "00:10:29"]
[PlyCount "106"]
[WhiteFideId "12970069"]
[BlackFideId "12967068"]
[EventCountry "GER"]
[EventRounds "9"]
[EventType "swiss"]
[EventDate "2019.06.08"]

1. c4 e5 2. g3 Nc6 3. Bg2 f5 4. Nc3 Nf6 5. d3 Bb4 6. Bd2 O-O 7. e3 Bxc3 8. Bxc3
d5 9. Ne2 Be6 10. b3 Qe8 11. Qd2 Rd8 12. Qb2 d4 13. exd4 exd4 14. Bd2 Bf7 15.
Bf4 Bh5 16. f3 Ne5 17. Bxe5 Qxe5 18. O-O-O Qe3+ 19. Qd2 Rfe8 20. Nf4 Bxf3 21.
Qxe3 Rxe3 22. Bxf3 Rxf3 23. Ne6 Rd7 24. Rhf1 Rxf1 25. Rxf1 g6 26. Rf4 Re7 27.
Nxd4 Ng4 28. h3 Ne5 29. Kc2 Rd7 30. b4 c6 31. g4 fxg4 32. hxg4 h5 33. gxh5 gxh5
34. Rf5 Ng6 35. Rg5 Rxd4 36. Rxg6+ Kh7 37. Rg5 Kh6 38. Rg8 Rg4 39. Rh8+ Kg5 40.
Kc3 h4 41. d4 Rg3+ 42. Kc2 h3 43. d5 cxd5 44. cxd5 Kf5 45. d6 Ke6 46. Rh6+ Kd7
47. a4 a6 48. Kb2 b6 49. Ka2 Rf3 50. Kb2 Re3 51. Ka2 Rd3 52. Kb2 Rg3 53. Ka2
Rf3 1/2-1/2

[Event "DEM U16 2019"]
[Site "Willingen GER"]
[Date "2019.06.10"]
[Round "3"]
[White "Jeschke, Jan"]
[Black "Pahl, Erik"]
[Result "1-0"]
[Termination "normal"]
[Board "13"]
[WhiteElo "1871"]
[BlackElo "2113"]
[WhiteClock "00:13:44"]
[BlackClock "00:23:05"]
[PlyCount "51"]
[WhiteFideId "16225430"]
[BlackFideId "16201272"]
[EventCountry "GER"]
[EventRounds "9"]
[EventType "swiss"]
[EventDate "2019.06.08"]

1. e4 Nc6 2. d4 d5 3. e5 Bf5 4. c3 f6 5. Nf3 e6 6. Be2 Qd7 7. Be3 h5 8. Nbd2
Nh6 9. b4 Ng4 10. Nb3 fxe5 11. b5 Nd8 12. Nxe5 Nxe5 13. dxe5 Nf7 14. f4 h4 15.
a4 Be7 16. Nd4 g6 17. Bf3 c5 18. Nxf5 gxf5 19. c4 d4 20. Bf2 O-O-O 21. Qd3 Rdg8
22. a5 Kb8 23. a6 b6 24. g3 Nh6 25. Bg2 Ng4 26. Qf3 1-0

[Event "DEM U16 2019"]
[Site "Willingen GER"]
[Date "2019.06.10"]
[Round "3"]
[White "Buller, Ian Joshua"]
[Black "Huber, Benedikt"]
[Result "0-1"]
[Termination "normal"]
[Board "14"]
[WhiteElo "1904"]
[BlackElo "2051"]
[WhiteClock "00:00:32"]
[BlackClock "00:02:52"]
[PlyCount "134"]
[WhiteFideId "12990655"]
[BlackFideId "12923583"]
[EventCountry "GER"]
[EventRounds "9"]
[EventType "swiss"]
[EventDate "2019.06.08"]

1. e4 c5 2. Nf3 e6 3. b3 b6 4. Bd3 Bb7 5. O-O d6 6. Bb2 Nf6 7. e5 dxe5 8. Nxe5
a6 9. f4 Be7 10. Nc3 Nc6 11. Nxc6 Bxc6 12. Qe1 O-O 13. Qg3 b5 14. Kh1 Rc8 15.
Rae1 c4 16. bxc4 bxc4 17. Be4 Kh8 18. Bxc6 Rxc6 19. Ne4 Ne8 20. Qf3 Rb6 21. Bc3
Rb5 22. Ng3 Nd6 23. a4 Rd5 24. Re5 Rxe5 25. fxe5 Nc8 26. Qh5 Qe8 27. a5 Na7 28.
Qg4 Qb5 29. Nh5 g6 30. Nf6 Bxf6 31. exf6 Nc6 32. Ra1 Rb8 33. h3 Ne5 34. Qf4 Nd7
35. Re1 Nc5 36. Qd6 Rc8 37. Qf4 Rb8 38. Qh6 Rg8 39. Qe3 Rd8 40. Rf1 Na4 41. Qh6
Rg8 42. Qe3 Rd8 43. Re1 Nxc3 44. Qxc3 Qd5 45. Rb1 h6 46. Rd1 Qd4 47. Qxd4 Rxd4
48. Rb1 Rxd2 49. Rb8+ Kh7 50. Rb7 g5 51. Rxf7+ Kg6 52. Rc7 Rxc2 53. f7 Rc1+ 54.
Kh2 Kg7 55. Re7 c3 56. Rxe6 c2 57. Rc6 Kxf7 58. Kg3 h5 59. Rc5 Kf6 60. Rc8 Ke5
61. Re8+ Kd4 62. Rd8+ Kc3 63. Rc8+ Kd2 64. Rd8+ Ke2 65. Re8+ Kf1 66. Rf8+ Kg1
67. Rc8 Ra1 0-1

[Event "DEM U16 2019"]
[Site "Willingen GER"]
[Date "2019.06.12"]
[Round "5"]
[White "Woelk, Tom-Frederic"]
[Black "Köllner, Ruben Gideon"]
[Result "0-1"]
[Termination "normal"]
[Board "1"]
[WhiteElo "2239"]
[BlackElo "2290"]
[WhiteClock "00:12:58"]
[BlackClock "00:15:04"]
[PlyCount "138"]
[WhiteFideId "12993077"]
[BlackFideId "12993093"]
[EventCountry "GER"]
[EventRounds "9"]
[EventType "swiss"]
[EventDate "2019.06.08"]

1. e4 {[%clk 1:30:56]} 1... e5 {[%clk 1:30:54]} 2. Nf3 {[%clk 1:31:22]} 2...
Nc6 {[%clk 1:31:19]} 3. Bb5 {[%clk 1:31:43]} 3... Nge7 {[%clk 1:31:31]} 4. c3 {
[%clk 1:29:24]} 4... g6 {[%clk 1:29:11]} 5. O-O {[%clk 1:29:00]} 5... a6 {
[%clk 1:29:39]} 6. Ba4 {[%clk 1:29:05]} 6... Bg7 {[%clk 1:29:55]} 7. d4 { [%clk
1:29:24]} 7... exd4 {[%clk 1:30:13]} 8. cxd4 {[%clk 1:29:49]} 8... b5 { [%clk
1:30:27]} 9. Bc2 {[%clk 1:28:32]} 9... d6 {[%clk 1:30:17]} 10. h3 { [%clk
1:28:52]} 10... O-O {[%clk 1:30:02]} 11. Nc3 {[%clk 1:27:56]} 11... h6 { [%clk
1:28:52]} 12. d5 {[%clk 1:20:32]} 12... Na5 {[%clk 1:28:57]} 13. Rb1 { [%clk
1:09:14]} 13... c6 {[%clk 1:19:35]} 14. dxc6 {[%clk 1:04:26]} 14... Nexc6
{[%clk 1:20:01]} 15. Nd5 {[%clk 1:03:31]} 15... Be6 {[%clk 1:18:03]} 16. b3 {
[%clk 0:48:20]} 16... Rc8 {[%clk 1:07:17]} 17. Bb2 {[%clk 0:36:27]} 17... Bxb2
{[%clk 1:02:24]} 18. Rxb2 {[%clk 0:36:52]} 18... Bxd5 {[%clk 1:02:40]} 19. Qxd5
{[%clk 0:33:05]} 19... Qf6 {[%clk 1:00:12]} 20. Rfb1 {[%clk 0:33:23]} 20... Kg7
{[%clk 0:56:40]} 21. Qd2 {[%clk 0:27:00]} 21... Nb7 {[%clk 0:56:41]} 22. b4 {
[%clk 0:23:51]} 22... Ne5 {[%clk 0:55:35]} 23. Nxe5 {[%clk 0:23:56]} 23... dxe5
{[%clk 0:55:58]} 24. Bb3 {[%clk 0:23:59]} 24... Nd6 {[%clk 0:56:03]} 25. Qe2 {
[%clk 0:19:26]} 25... Rc3 {[%clk 0:52:54]} 26. Rd2 {[%clk 0:18:16]} 26... Rfc8
{[%clk 0:50:51]} 27. Rbd1 {[%clk 0:17:19]} 27... Rc1 {[%clk 0:49:59]} 28. Bd5 {
[%clk 0:15:11]} 28... Qe7 {[%clk 0:41:41]} 29. Qe1 {[%clk 0:13:55]} 29... Rxd1
{[%clk 0:39:40]} 30. Rxd1 {[%clk 0:13:57]} 30... Qc7 {[%clk 0:33:56]} 31. Bb3 {
[%clk 0:12:36]} 31... Ne8 {[%clk 0:29:46]} 32. Rd5 {[%clk 0:11:36]} 32... Qe7 {
[%clk 0:29:24]} 33. Qa1 {[%clk 0:10:25]} 33... Nf6 {[%clk 0:25:54]} 34. Qxe5 {
[%clk 0:09:51]} 34... Qxb4 {[%clk 0:25:58]} 35. Rd7 {[%clk 0:08:30]} 35... Rf8
{[%clk 0:26:12]} 36. Kh2 {[%clk 0:06:19]} 36... Qxe4 {[%clk 0:25:57]} 37. Qb2 {
[%clk 0:03:57]} 37... Qf5 {[%clk 0:23:02]} 38. Ra7 {[%clk 0:03:58]} 38... Qf4+
{[%clk 0:22:01]} 39. g3 {[%clk 0:04:22]} 39... Qd6 {[%clk 0:22:22]} 40. a3 {
[%clk 0:03:55]} 40... Kg8 {[%clk 0:20:49]} 41. Qa2 {[%clk 0:03:57]} 41... Nd7 {
[%clk 0:20:32]} 42. Bd5 {[%clk 0:30:11]} 42... Ne5 {[%clk 0:43:16]} 43. a4 {
[%clk 0:25:49]} 43... Nc4 {[%clk 0:40:38]} 44. Bg2 {[%clk 0:21:09]} 44... Rd8 {
[%clk 0:35:14]} 45. axb5 {[%clk 0:20:05]} 45... axb5 {[%clk 0:35:30]} 46. Rb7 {
[%clk 0:19:02]} 46... Qc5 {[%clk 0:33:35]} 47. Qe2 {[%clk 0:17:58]} 47... Kg7 {
[%clk 0:30:43]} 48. Qf3 {[%clk 0:16:56]} 48... Nd6 {[%clk 0:31:01]} 49. Re7 {
[%clk 0:16:55]} 49... Nf5 {[%clk 0:29:18]} 50. Rb7 {[%clk 0:15:09]} 50... Rd2 {
[%clk 0:28:40]} 51. Kg1 {[%clk 0:15:15]} 51... b4 {[%clk 0:25:32]} 52. Bf1 {
[%clk 0:14:55]} 52... Nd6 {[%clk 0:23:33]} 53. Rb8 {[%clk 0:14:15]} 53... Ne4 {
[%clk 0:21:46]} 54. Be2 {[%clk 0:13:44]} 54... Ng5 {[%clk 0:17:48]} 55. Qg4 {
[%clk 0:11:35]} 55... Nxh3+ {[%clk 0:16:58]} 56. Qxh3 {[%clk 0:11:37]} 56...
Rxe2 {[%clk 0:17:21]} 57. Qf1 {[%clk 0:11:27]} 57... Qe5 {[%clk 0:17:19]} 58.
Kg2 {[%clk 0:10:39]} 58... Rxf2+ {[%clk 0:15:10]} 59. Qxf2 {[%clk 0:11:01]}
59... Qxb8 {[%clk 0:15:35]} 60. Qb2+ {[%clk 0:11:04]} 60... Kg8 {[%clk 0:15:57]
} 61. Qb3 {[%clk 0:11:24]} 61... Qb5 {[%clk 0:16:06]} 62. Kh2 {[%clk 0:11:17]}
62... Qc5 {[%clk 0:16:21]} 63. Qa4 {[%clk 0:11:33]} 63... Qc3 {[%clk 0:16:28]}
64. Qa5 {[%clk 0:11:48]} 64... Qc2+ {[%clk 0:15:55]} 65. Kg1 {[%clk 0:12:04]}
65... Qd1+ {[%clk 0:14:48]} 66. Kf2 {[%clk 0:12:18]} 66... b3 {[%clk 0:15:01]}
67. Qa4 {[%clk 0:12:16]} 67... Qd2+ {[%clk 0:15:03]} 68. Kf3 {[%clk 0:12:35]}
68... Qd3+ {[%clk 0:15:04]} 69. Kf2 {[%clk 0:12:58]} 69... Qf5+ {[%clk 0:15:04]
} 0-1

[Event "DEM U16 2019"]
[Site "Willingen GER"]
[Date "2019.06.12"]
[Round "5"]
[White "Stork, Oliver"]
[Black "Suvorov, Alexander"]
[Result "1/2-1/2"]
[Termination "normal"]
[Board "2"]
[BlackTitle "FM"]
[WhiteElo "2183"]
[BlackElo "2321"]
[WhiteClock "00:02:15"]
[BlackClock "00:02:49"]
[PlyCount "90"]
[WhiteFideId "12955728"]
[BlackFideId "12977063"]
[EventCountry "GER"]
[EventRounds "9"]
[EventType "swiss"]
[EventDate "2019.06.08"]

1. c4 {[%clk 1:30:57]} 1... g6 {[%clk 1:30:36]} 2. Nc3 {[%clk 1:30:50]} 2...
Bg7 {[%clk 1:30:40]} 3. g3 {[%clk 1:30:21]} 3... f5 {[%clk 1:30:16]} 4. d4 {
[%clk 1:27:52]} 4... Nf6 {[%clk 1:30:06]} 5. Bg2 {[%clk 1:28:05]} 5... d6 {
[%clk 1:29:39]} 6. Nf3 {[%clk 1:26:57]} 6... O-O {[%clk 1:29:47]} 7. O-O {
[%clk 1:27:21]} 7... Qe8 {[%clk 1:27:19]} 8. e4 {[%clk 1:12:04]} 8... fxe4 {
[%clk 1:11:35]} 9. Ng5 {[%clk 1:12:22]} 9... Bf5 {[%clk 1:10:39]} 10. Ngxe4 {
[%clk 1:08:11]} 10... Nxe4 {[%clk 1:06:11]} 11. Nxe4 {[%clk 1:08:13]} 11... Nc6
{[%clk 0:59:42]} 12. Be3 {[%clk 1:07:09]} 12... Kh8 {[%clk 0:38:44]} 13. Rc1 {
[%clk 0:50:56]} 13... e5 {[%clk 0:33:29]} 14. d5 {[%clk 0:49:59]} 14... Nd4 {
[%clk 0:28:58]} 15. c5 {[%clk 0:44:25]} 15... Qd7 {[%clk 0:24:35]} 16. Ng5 {
[%clk 0:26:56]} 16... Rac8 {[%clk 0:16:56]} 17. Bxd4 {[%clk 0:23:35]} 17...
exd4 {[%clk 0:17:21]} 18. Qb3 {[%clk 0:23:50]} 18... Bh6 {[%clk 0:14:00]} 19.
Ne6 {[%clk 0:20:09]} 19... Bxc1 {[%clk 0:13:23]} 20. Nxf8 {[%clk 0:19:12]}
20... Rxf8 {[%clk 0:13:52]} 21. Rxc1 {[%clk 0:19:36]} 21... dxc5 { [%clk
0:12:59]} 22. Rxc5 {[%clk 0:18:13]} 22... Re8 {[%clk 0:11:18]} 23. Qd1 { [%clk
0:12:28]} 23... d3 {[%clk 0:08:01]} 24. g4 {[%clk 0:06:01]} 24... Bxg4 { [%clk
0:03:46]} 25. Qxd3 {[%clk 0:06:26]} 25... Re1+ {[%clk 0:03:34]} 26. Bf1 { [%clk
0:06:52]} 26... Qe7 {[%clk 0:03:29]} 27. Qc3+ {[%clk 0:04:28]} 27... Qe5 {[%clk
0:03:03]} 28. Qxe5+ {[%clk 0:03:23]} 28... Rxe5 {[%clk 0:03:32]} 29. Rxc7
{[%clk 0:01:42]} 29... Rxd5 {[%clk 0:02:37]} 30. h3 {[%clk 0:00:51]} 30... Bf3
{[%clk 0:02:49]} 31. Kh2 {[%clk 0:01:02]} 31... Rd2 {[%clk 0:01:55]} 32. Kg3
{[%clk 0:01:21]} 32... Bc6 {[%clk 0:02:02]} 33. b4 {[%clk 0:01:10]} 33... Rxa2
{[%clk 0:02:06]} 34. b5 34... Bd5 {[%clk 0:01:38]} 35. Rd7 {[%clk 0:01:20] }
35... Bh1 {[%clk 0:01:38]} 36. h4 {[%clk 0:00:49]} 36... a5 {[%clk 0:01:05]}
37. Bg2 {[%clk 0:00:41]} 37... Ra3+ {[%clk 0:00:50]} 38. Kh2 {[%clk 0:01:05]}
38... Bxg2 {[%clk 0:01:13]} 39. Kxg2 {[%clk 0:01:32]} 39... b6 {[%clk 0:01:14]}
40. Rb7 {[%clk 0:01:51]} 40... a4 {[%clk 0:01:30]} 41. Rxb6 {[%clk 0:02:13]}
41... Kg7 {[%clk 0:01:37]} 42. Ra6 {[%clk 0:01:16]} 42... Rb3 {[%clk 0:01:35]}
43. Rxa4 {[%clk 0:01:34]} 43... Rxb5 {[%clk 0:02:03]} 44. Ra7+ {[%clk 0:01:50]}
44... Kh6 {[%clk 0:02:28]} 45. Kg3 {[%clk 0:02:15]} 45... Rb4 {[%clk 0:02:49]}
1/2-1/2